MARC details
| 000 -LEADER |
| fixed length control field |
01576cam a2200373 a 4500 |
| 001 - CONTROL NUMBER |
| control field |
710753 |
| 003 - CONTROL NUMBER IDENTIFIER |
| control field |
GZU |
| 005 - DATE AND TIME OF LATEST TRANSACTION |
| control field |
20260424082618.0 |
| 008 - FIXED-LENGTH DATA ELEMENTS--GENERAL INFORMATION |
| fixed length control field |
971002s1998 paua b 001 0 eng c |
| 010 ## - LIBRARY OF CONGRESS CONTROL NUMBER |
| LC control number |
97042368 |
| 020 ## - INTERNATIONAL STANDARD BOOK NUMBER |
| International Standard Book Number |
0397584318 |
| 020 ## - INTERNATIONAL STANDARD BOOK NUMBER |
| International Standard Book Number |
9780397584314 |
| 022 ## - INTERNATIONAL STANDARD SERIAL NUMBER |
| International Standard Serial Number |
. |
| 035 ## - SYSTEM CONTROL NUMBER |
| System control number |
710753 |
| 040 ## - CATALOGING SOURCE |
| Original cataloging agency |
DNLM/DLC |
| Transcribing agency |
DLC |
| Modifying agency |
GZULib |
| Language of cataloging |
eng |
| Description conventions |
rda |
| 050 00 - LIBRARY OF CONGRESS CALL NUMBER |
| Classification number |
QM451 |
| Item number |
.BAR 1998 |
| 100 1# - MAIN ENTRY--PERSONAL NAME |
| Personal name |
Kiernan, J. A. |
| Fuller form of name |
(John Alan) |
| Dates associated with a name |
author |
| 245 10 - TITLE STATEMENT |
| Title |
Barr's The human nervous system : |
| Remainder of title |
an anatomical viewpoint / |
| Statement of responsibility, etc. |
John A. Kiernan. |
| 246 30 - VARYING FORM OF TITLE |
| Title proper/short title |
Human nervous system |
| 250 ## - EDITION STATEMENT |
| Edition statement |
Seventh edition |
| 260 ## - PUBLICATION, DISTRIBUTION, ETC. |
| Place of publication, distribution, etc. |
Philadelphia : |
| Name of publisher, distributor, etc. |
Lippincott-Raven, |
| Date of publication, distribution, etc. |
c1998. |
| 300 ## - PHYSICAL DESCRIPTION |
| Extent |
ix, 518 pages : |
| Other physical details |
illustrations (some colour) ; |
| Dimensions |
26 cm. + |
| Accompanying material |
1 computer disk (3 1/2 in.) |
| 336 ## - CONTENT TYPE |
| Content type term |
text |
| Content type code |
txt |
| Source |
rdacontent |
| 337 ## - MEDIA TYPE |
| Media type term |
unmediated |
| Media type code |
n |
| Source |
rdamedia |
| 338 ## - CARRIER TYPE |
| Carrier type term |
volume |
| Carrier type code |
nc |
| Source |
rdacarrier |
| 504 ## - BIBLIOGRAPHY, ETC. NOTE |
| Bibliography, etc. note |
Includes bibliographical references and index. |
| 505 ## - FORMATTED CONTENTS NOTE |
| Formatted contents note |
. |
| 520 ## - SUMMARY, ETC. |
| Summary, etc. |
. |
| 538 ## - SYSTEM DETAILS NOTE |
| System details note |
System requirements for computer disk: IBM-compatible PC, preferably with an 80386 or better (80486 or Pentium) processor; 500 kilobytes of free conventional RAM memory; a hard disk with about 1.5 megabytes of free space; a color monitor (VGA preferred); a mouse is not recommended; an MS-DOS or equivalent operating system must be available (Version 3.3 or higher is recommended). |
| 650 #0 - SUBJECT ADDED ENTRY--TOPICAL TERM |
| Topical term or geographic name entry element |
Neuroanatomy. |
| 650 12 - SUBJECT ADDED ENTRY--TOPICAL TERM |
| Topical term or geographic name entry element |
Nervous System |
| General subdivision |
anatomy & histology. |
| 700 1# - ADDED ENTRY--PERSONAL NAME |
| Personal name |
Barr, Murray Llewellyn, |
| Dates associated with a name |
1908- |
| Title of a work |
Human nervous system. |
| 942 ## - ADDED ENTRY ELEMENTS (KOHA) |
| Source of classification or shelving scheme |
Library of Congress Classification |
| Koha item type |
Books |
| Edition |
Seventh edition |
| Classification part |
451 |
| Item part |
BAR |
| Call number prefix |
QM |